[Event "Campeonato de Australia 2007-2008"]
[Site "Parramatta AUS"]
[Date "2008.01.07"]
[Round "7.1"]
[White "Solomon, Stephen J"]
[Black "Van Riemsdijk, Herman Claudius"]
[Result "1/2-1/2"]
[WhiteElo "2468"]
[BlackElo "2391"]
[PlyCount "147"]
[EventDate "2008.01.02"]
[EventType "swiss"]
[EventRounds "11"]
[EventCountry "AUS"]
[Source "lmi"]
[SourceDate "2008.01.02"]

1. e4 e5 2. Nf3 Nc6 3. Nc3 Nf6 4. a3 Bc5 5. Nxe5 Nxe5 6. d4 Bd6 7. f4 Ng6 8. e5
Be7 9. Bd3 d5 10. f5 Ng8 11. O-O Nf8 12. Qf3 c6 13. Qg3 g6 14. f6 Nxf6 15. exf6
Bd6 16. Bf4 Bxf4 17. Qxf4 Be6 18. Rae1 Kd7 19. Rf3 Qc7 20. Qh6 Rg8 21. Rfe3 Qd6
22. Ne2 Kc7 23. Nf4 Re8 24. Nxe6+ Nxe6 25. c3 Kd8 26. Qh4 Qf4 27. Qg3 Qxg3 28.
hxg3 h6 29. Kf2 Kd7 30. Re5 Kd6 31. Bc2 a5 32. Bd1 b5 33. Bg4 a4 34. R1e3 Rh8
35. Ke1 h5 36. Bh3 g5 37. Bxe6 Rxe6 38. Rxe6+ fxe6 39. Re5 g4 40. Ke2 Rh6 41.
Rg5 Rxf6 42. Rxh5 Rg6 43. Ke3 c5 44. Ke2 cxd4 45. cxd4 Rg8 46. Rh4 b4 47. Ke3
b3 48. Rh7 Rc8 49. Ra7 Rc2 50. Rxa4 Rxb2 51. Kf4 Rd2 52. Rb4 b2 53. Ke3 Rxg2
54. Kf4 Rf2+ 55. Kxg4 Rd2 56. Kh5 Rxd4 57. Rxb2 Rd3 58. g4 Rh3+ 59. Kg6 Rxa3
60. g5 Rg3 61. Rf2 e5 62. Rf6+ Kc5 63. Re6 e4 64. Kf6 e3 65. g6 d4 66. g7 Kc4
67. Re5 Rxg7 68. Kxg7 Kd3 69. Kf6 Kd2 70. Ke6 d3 71. Kd5 e2 72. Kd4 e1=Q 73.
Rxe1 Kxe1 74. Kxd3 1/2-1/2

[Event "Campeonato de Australia 2007-2008"]
[Site "Parramatta AUS"]
[Date "2008.01.07"]
[Round "7.2"]
[White "Boyd, Tristan"]
[Black "Antic, Dejan"]
[Result "0-1"]
[WhiteElo "2270"]
[BlackElo "2480"]
[PlyCount "184"]
[EventDate "2008.01.02"]
[EventType "swiss"]
[EventRounds "11"]
[EventCountry "AUS"]
[Source "lmi"]
[SourceDate "2008.01.02"]

1. d4 Nf6 2. c4 g6 3. Nc3 Bg7 4. e4 d6 5. f3 O-O 6. Be3 Nbd7 7. Nge2 a6 8. Nc1
c5 9. Nb3 b6 10. Be2 cxd4 11. Nxd4 Bb7 12. O-O Rc8 13. Qd2 Re8 14. Rfd1 Qc7 15.
Nd5 Qb8 16. Rac1 e6 17. Nxf6+ Nxf6 18. Nb3 d5 19. exd5 exd5 20. Bd4 dxc4 21.
Bxc4 Rcd8 22. Qf2 Qf4 23. Qg3 Qxg3 24. hxg3 b5 25. Bf1 Bd5 26. Bc3 Rc8 27. g4
Be6 28. Kf2 Nd7 29. Bxg7 Kxg7 30. Nd4 Bxa2 31. Ra1 Bc4 32. Rxa6 Nc5 33. Raa1
Bxf1 34. Kxf1 b4 35. Rd2 h6 36. Rad1 Na4 37. Ra1 Nb6 38. Rc2 Nd5 39. Kf2 Rxc2+
40. Nxc2 Nf4 41. Nxb4 Re2+ 42. Kf1 Rxb2 43. g3 Ne2 44. Nd3 Nxg3+ 45. Kg1 Rd2
46. Nf2 Ne2+ 47. Kg2 Nf4+ 48. Kf1 Rc2 49. Ne4 Rb2 50. Ra7 Rb3 51. Kf2 Nd3+ 52.
Ke2 Ne5 53. Nc5 Rb5 54. Ne6+ Kf6 55. Nd4 Rb2+ 56. Ke3 Nc4+ 57. Kd3 Ne5+ 58. Ke4
Rb6 59. Rc7 Rb1 60. Ke3 Re1+ 61. Kf2 Nd3+ 62. Kg2 Rd1 63. Ne2 Rd2 64. Kf1 Ne5
65. Rc3 Ra2 66. Kf2 h5 67. gxh5 gxh5 68. f4 Ng6 69. Kf3 Nh4+ 70. Kf2 Kg6 71.
Rg3+ Kh6 72. Rc3 f6 73. Rc5 Kg6 74. Kg3 Nf5+ 75. Kf3 h4 76. Rc1 h3 77. Rh1 Ra3+
78. Kf2 Kh5 79. Rg1 Kh4 80. Rg8 Nh6 81. Rh8 Kh5 82. Ng3+ Kg6 83. Nf1 Ng4+ 84.
Kg1 Kf5 85. Rb8 Ra1 86. Rh8 Ne3 87. Kf2 Nxf1 88. Rxh3 Nd2 89. Ke2 Ne4 90. Rh4
Ra2+ 91. Kf3 Ra3+ 92. Ke2 Rb3 0-1

[Event "Campeonato de Australia 2007-2008"]
[Site "Parramatta AUS"]
[Date "2008.01.07"]
[Round "7.3"]
[White "Goldenberg, Igor"]
[Black "Johansen, Darryl Keith"]
[Result "1/2-1/2"]
[WhiteElo "2395"]
[BlackElo "2475"]
[PlyCount "62"]
[EventDate "2008.01.02"]
[EventType "swiss"]
[EventRounds "11"]
[EventCountry "AUS"]
[Source "lmi"]
[SourceDate "2008.01.02"]

1. Nf3 c5 2. c4 Nf6 3. Nc3 e6 4. g3 b6 5. Bg2 Bb7 6. O-O d6 7. d4 cxd4 8. Qxd4
a6 9. Bg5 Nbd7 10. e4 Be7 11. Rfe1 Qc7 12. Rac1 O-O 13. Qd1 Rac8 14. Nd4 Rfe8
15. b3 Qb8 16. Be3 Qa8 17. f3 Bf8 18. Bf2 g6 19. Nde2 Qb8 20. Qd2 Ba8 21. Nd4
Bg7 22. Red1 Red8 23. Qe2 Bb7 24. Be3 Re8 25. Qf2 h5 26. Qd2 Kh7 27. Nde2 Bf8
28. Bf4 Ne5 29. Bg5 Ned7 30. Bf4 Ne5 31. Bg5 Ned7 1/2-1/2

[Event "Campeonato de Australia 2007-2008"]
[Site "Parramatta AUS"]
[Date "2008.01.07"]
[Round "7.4"]
[White "Xie, George"]
[Black "Sales, Jesse Noel"]
[Result "1-0"]
[WhiteElo "2413"]
[BlackElo "2126"]
[PlyCount "32"]
[EventDate "2008.01.02"]
[EventType "swiss"]
[EventRounds "11"]
[EventCountry "AUS"]
[Source "lmi"]
[SourceDate "2008.01.02"]

1. d4 Nc6 2. e4 e5 3. Nf3 exd4 4. Bc4 Bc5 5. c3 d3 6. b4 Bb6 7. Qb3 Qe7 8. O-O
d6 9. a4 a6 10. a5 Ba7 11. b5 axb5 12. Qxb5 Nf6 13. e5 dxe5 14. Ba3 Qd7 15.
Nxe5 Nxe5 16. Qxe5+ Kd8 1-0

[Event "Campeonato de Australia 2007-2008"]
[Site "Parramatta AUS"]
[Date "2008.01.07"]
[Round "7.5"]
[White "Rej, Tomek"]
[Black "Ly, Moulthun"]
[Result "0-1"]
[WhiteElo "2283"]
[BlackElo "2319"]
[PlyCount "148"]
[EventDate "2008.01.02"]
[EventType "swiss"]
[EventRounds "11"]
[EventCountry "AUS"]
[Source "lmi"]
[SourceDate "2008.01.02"]

1. d4 Nf6 2. c4 g6 3. Nc3 Bg7 4. e4 d6 5. f3 O-O 6. Be3 c6 7. Nge2 Nbd7 8. Qd2
e5 9. h4 exd4 10. Nxd4 d5 11. exd5 cxd5 12. O-O-O dxc4 13. Bxc4 a6 14. Kb1 b5
15. Nc6 Qc7 16. Bd5 Bb7 17. Ne7+ Kh8 18. h5 Rfe8 19. hxg6 Rxe7 20. Bxf7 Rxf7
21. gxf7 Nf8 22. Bh6 Qxf7 23. Bxg7+ Qxg7 24. Qd6 Ng6 25. Rde1 Kg8 26. Re6 Rf8
27. Rhe1 Bc8 28. R6e2 Qd7 29. Rd1 Qb7 30. Nd5 Nxd5 31. Rxd5 Bf5+ 32. Ka1 Qf7
33. Rd1 Bc8 34. Rc1 Qd7 35. Qxd7 Bxd7 36. Rc7 Bf5 37. b3 Rd8 38. g3 b4 39. Kb2
Rd1 40. a3 bxa3+ 41. Kxa3 Rd3 42. Re8+ Nf8 43. Ree7 Be6 44. f4 Rxb3+ 45. Ka4
Rxg3 46. Ka5 Rg4 47. Kxa6 Rxf4 48. Kb5 Bf7 49. Rc1 Ng6 50. Ra7 Kg7 51. Kc5 h5
52. Rd1 h4 53. Ra3 Be6 54. Re1 Bf5 55. Kd5 h3 56. Rae3 Kf6 57. Kc5 Rf2 58. Rh1
Nf4 59. Kd4 Ne6+ 60. Kc4 Ng5 61. Re8 h2 62. Rf8+ Ke5 63. Re1+ Kf4 64. Rh8 Nf3
65. Rh1 Rg2 66. Rh6 Kg3 67. Rh8 Bh3 68. Rg8+ Bg4 69. Rh8 Nh4 70. Kd3 Rf2 71.
Ke3 Re2+ 72. Kd3 Bf3 73. Ra1 Re6 74. Rg8+ Ng6 0-1

[Event "Campeonato de Australia 2007-2008"]
[Site "Parramatta AUS"]
[Date "2008.01.07"]
[Round "7.6"]
[White "Illingworth, Max"]
[Black "Lane, Gary William"]
[Result "1-0"]
[WhiteElo "2201"]
[BlackElo "2412"]
[PlyCount "71"]
[EventDate "2008.01.02"]
[EventType "swiss"]
[EventRounds "11"]
[EventCountry "AUS"]
[Source "lmi"]
[SourceDate "2008.01.02"]

1. d4 Nf6 2. c4 e6 3. Nc3 Bb4 4. e3 O-O 5. Bd3 d5 6. Nf3 c5 7. O-O Nc6 8. a3
Bxc3 9. bxc3 Qc7 10. cxd5 exd5 11. Bb2 Bg4 12. Qe1 Rfe8 13. Nd2 Rad8 14. h3 Bc8
15. Rc1 h6 16. Qe2 Rd7 17. a4 b6 18. Ba3 c4 19. Bc2 Rdd8 20. Rfe1 Ne7 21. f3
Ng6 22. Qf2 Bb7 23. e4 dxe4 24. fxe4 Nf4 25. Re3 a6 26. Rce1 Ng6 27. e5 Nd5 28.
Rg3 Ndf4 29. Ne4 Bxe4 30. Rxe4 Nd5 31. Qf5 Qc6 32. e6 Nh8 33. Rxg7+ Kxg7 34.
Rg4+ Ng6 35. Qxf7+ Kh8 36. Qf6+ 1-0

[Event "Campeonato de Australia 2007-2008"]
[Site "Parramatta AUS"]
[Date "2008.01.07"]
[Round "7.7"]
[White "Chow, Samuel"]
[Black "Lazarus, Benjamin"]
[Result "1-0"]
[WhiteElo "2240"]
[BlackElo "2123"]
[PlyCount "53"]
[EventDate "2008.01.02"]
[EventType "swiss"]
[EventRounds "11"]
[EventCountry "AUS"]
[Source "lmi"]
[SourceDate "2008.01.02"]

1. d4 Nf6 2. Bg5 c5 3. Bxf6 gxf6 4. d5 Qb6 5. Qc1 f5 6. c4 Bg7 7. Nc3 d6 8. e3
Nd7 9. Qc2 Nf6 10. Bd3 Ne4 11. Nge2 e6 12. O-O Nxc3 13. bxc3 Qd8 14. dxe6 fxe6
15. e4 Qf6 16. exf5 exf5 17. Nf4 Qxc3 18. Rae1+ Kf7 19. Qe2 Be5 20. Qh5+ Kf8
21. Qh6+ Kf7 22. Be2 Qd4 23. Nd5 Ke8 24. Qg5 Qxd5 25. cxd5 Kd7 26. Bb5+ Kc7 27.
Rxe5 1-0

[Event "Campeonato de Australia 2007-2008"]
[Site "Parramatta AUS"]
[Date "2008.01.07"]
[Round "7.8"]
[White "Yu, Ronald"]
[Black "Broekhuyse, Paul"]
[Result "1/2-1/2"]
[WhiteElo "2212"]
[BlackElo "2130"]
[PlyCount "48"]
[EventDate "2008.01.02"]
[EventType "swiss"]
[EventRounds "11"]
[EventCountry "AUS"]
[Source "lmi"]
[SourceDate "2008.01.02"]

1. d4 Nf6 2. Nf3 e6 3. g3 c5 4. Bg2 Nc6 5. O-O d5 6. c4 dxc4 7. Qa4 Bd7 8. dxc5
Na5 9. Qc2 Bxc5 10. Ne5 Rc8 11. Bg5 Qc7 12. Bxf6 gxf6 13. Nxd7 Kxd7 14. Nc3
Rcd8 15. Qa4+ Kc8 16. b4 cxb3 17. axb3 Nc6 18. Nb5 Qb6 19. b4 a6 20. bxc5 Qxb5
21. Qxb5 axb5 22. Bxc6 bxc6 23. Ra7 Kb8 24. Rxf7 Rdf8 1/2-1/2

[Event "Campeonato de Australia 2007-2008"]
[Site "Parramatta AUS"]
[Date "2008.01.07"]
[Round "7.9"]
[White "Klein, Felix"]
[Black "Bjelobrk, Igor"]
[Result "1-0"]
[WhiteElo "2205"]
[BlackElo "2380"]
[PlyCount "75"]
[EventDate "2008.01.02"]
[EventType "swiss"]
[EventRounds "11"]
[EventCountry "AUS"]
[Source "lmi"]
[SourceDate "2008.01.02"]

1. e4 c5 2. Nf3 e6 3. d4 cxd4 4. Nxd4 Nc6 5. Nc3 Qc7 6. Be3 a6 7. Qd2 Nf6 8.
O-O-O Bb4 9. f3 Ne5 10. Nb3 b5 11. Kb1 Nc4 12. Bxc4 bxc4 13. Nc1 Rb8 14. N1e2
O-O 15. Bf4 e5 16. Bg5 Qb6 17. Bxf6 Ba3 18. b3 Qxf6 19. Nd5 Qd8 20. f4 d6 21.
f5 Bb7 22. Nec3 Kh8 23. f6 gxf6 24. Qh6 Bxd5 25. Nxd5 Rg8 26. Nxf6 Rg7 27. Rhf1
d5 28. Rxd5 Qc7 29. Qh3 cxb3 30. axb3 a5 31. Nh5 Rc8 32. c4 Rg6 33. Rd7 Qc6 34.
Rdxf7 Rh6 35. Qf5 Rxh5 36. Qxh5 Qxe4+ 37. Ka2 Bc5 38. Qf5 1-0

[Event "Campeonato de Australia 2007-2008"]
[Site "Parramatta AUS"]
[Date "2008.01.07"]
[Round "7.10"]
[White "Morris, Michael"]
[Black "Canfell, Gregory"]
[Result "0-1"]
[WhiteElo "1985"]
[BlackElo "2315"]
[PlyCount "77"]
[EventDate "2008.01.02"]
[EventType "swiss"]
[EventRounds "11"]
[EventCountry "AUS"]
[Source "lmi"]
[SourceDate "2008.01.02"]

1. e4 c5 2. Nf3 e6 3. d3 Nc6 4. g3 d5 5. Nbd2 Bd6 6. Bg2 Nge7 7. O-O O-O 8. Nh4
b6 9. f4 f6 10. Ndf3 Qc7 11. Re1 Bd7 12. c3 Rad8 13. Qe2 dxe4 14. dxe4 e5 15.
f5 Be8 16. Bf1 Bf7 17. g4 Kh8 18. Ng2 c4 19. Kh1 Bc5 20. Be3 Na5 21. Qf2 Nb7
22. Qh4 Bxe3 23. Rxe3 Nc5 24. g5 Bg8 25. g6 Nd3 26. Nfe1 Nf4 27. Nxf4 exf4 28.
Rf3 Rd2 29. Ng2 Rxb2 30. Nxf4 h6 31. Ne2 Rd8 32. Qf2 Qe5 33. Rf4 Rd3 34. Rh4
Rxc3 35. Qe1 Rcc2 36. Rc1 Nxf5 37. Rxc2 Nxh4 38. Qxh4 Rxc2 39. Ng3 0-1

[Event "Campeonato de Australia 2007-2008"]
[Site "Parramatta AUS"]
[Date "2008.01.07"]
[Round "7.11"]
[White "Ikeda, Junta"]
[Black "Pecori, Ascaro"]
[Result "0-1"]
[WhiteElo "2201"]
[BlackElo "2129"]
[PlyCount "98"]
[EventDate "2008.01.02"]
[EventType "swiss"]
[EventRounds "11"]
[EventCountry "AUS"]
[Source "lmi"]
[SourceDate "2008.01.02"]

1. d4 Nf6 2. Nf3 g6 3. c4 Bg7 4. Nc3 d6 5. h3 O-O 6. Bf4 c6 7. e3 Re8 8. Be2
Nbd7 9. O-O h6 10. Bh2 Qb6 11. a3 a5 12. Qc2 Nh7 13. Rad1 Ndf8 14. Nd2 Qd8 15.
f4 Bd7 16. g4 e5 17. Nf3 exd4 18. exd4 f5 19. c5 fxg4 20. hxg4 Bxg4 21. cxd6
Qxd6 22. Ne5 Bxe2 23. Qxe2 Qe6 24. Kh1 Nf6 25. Rg1 Nd5 26. Ne4 Nf6 27. Nc3 Nd5
28. Rg2 Nxc3 29. bxc3 Rad8 30. Qe4 Bxe5 31. fxe5 Rd7 32. Rf1 Rf7 33. Rgf2 Rxf2
34. Rxf2 Re7 35. Qd3 Qd5+ 36. Kg1 b5 37. Bf4 g5 38. Bg3 Rf7 39. Rxf7 Qxf7 40.
Qe4 Qe6 41. Be1 a4 42. Bf2 Ng6 43. Be3 Nh4 44. Kf2 Qa2+ 45. Kg3 Qe2 46. e6
Qxe3+ 47. Qxe3 Nf5+ 48. Kf3 Nxe3 49. Kxe3 Kf8 0-1

[Event "Campeonato de Australia 2007-2008"]
[Site "Parramatta AUS"]
[Date "2008.01.07"]
[Round "7.13"]
[White "Stojic, Dusan"]
[Black "Hamilton, Douglas"]
[Result "0-1"]
[WhiteElo "2155"]
[BlackElo "2229"]
[PlyCount "87"]
[EventDate "2008.01.02"]
[EventType "swiss"]
[EventRounds "11"]
[EventCountry "AUS"]
[Source "lmi"]
[SourceDate "2008.01.02"]

1. e4 c5 2. Nf3 Nc6 3. d4 cxd4 4. Nxd4 Nf6 5. Nc3 e5 6. Ndb5 d6 7. Bg5 a6 8.
Na3 b5 9. Nd5 Be7 10. Bxf6 Bxf6 11. c3 O-O 12. Nc2 Rb8 13. Be2 Bg5 14. O-O Ne7
15. Ncb4 Nxd5 16. Nxd5 Bb7 17. b4 Bxd5 18. Qxd5 Qc7 19. c4 bxc4 20. Bxc4 Rxb4
21. Bxa6 Qa7 22. Bb5 Rc8 23. Rad1 h6 24. a4 Rb2 25. Rd3 Rcc2 26. Rf3 Qc7 27.
Be8 Bf6 28. g3 Rc5 29. Qd3 Qd8 30. Bb5 d5 31. Qa3 Rbc2 32. exd5 e4 33. Re3 Qxd5
34. Re2 Rxe2 35. Bxe2 Rc2 36. Qe3 Bg5 37. f4 Be7 38. Rd1 Qc6 39. Bb5 Bc5 40.
Bxc6 Bxe3+ 41. Kf1 Rxc6 42. Rd8+ Kh7 43. f5 Ra6 44. Ke2 0-1

[Event "Campeonato de Australia 2007-2008"]
[Site "Parramatta AUS"]
[Date "2008.01.07"]
[Round "7.14"]
[White "Hu, Jason"]
[Black "Booth, Stewart"]
[Result "1/2-1/2"]
[WhiteElo "2120"]
[BlackElo "2142"]
[PlyCount "55"]
[EventDate "2008.01.02"]
[EventType "swiss"]
[EventRounds "11"]
[EventCountry "AUS"]
[Source "lmi"]
[SourceDate "2008.01.02"]

1. c4 Nf6 2. Nc3 e6 3. e4 c5 4. e5 Ng8 5. d4 cxd4 6. Qxd4 Nc6 7. Qf4 d6 8. Nf3
Nge7 9. exd6 Ng6 10. Qg5 Bxd6 11. Qxd8+ Kxd8 12. Bg5+ f6 13. O-O-O Ke7 14. Nb5
Bc5 15. Be3 b6 16. Bxc5+ bxc5 17. Bd3 Bd7 18. Be4 Rac8 19. Rhe1 Nge5 20. Nd6
Rc7 21. Nb5 Nxf3 22. Bxf3 Rcc8 23. Nd6 Rc7 24. Nf5+ Kf7 25. Nd6+ Ke7 26. Nb5
Rcc8 27. Nd6 Rc7 28. Nb5 1/2-1/2

[Event "Campeonato de Australia 2007-2008"]
[Site "Parramatta AUS"]
[Date "2008.01.07"]
[Round "7.15"]
[White "Suttor, Vincent"]
[Black "Pyke, Malcolm"]
[Result "0-1"]
[WhiteElo "2139"]
[BlackElo "2191"]
[PlyCount "106"]
[EventDate "2008.01.02"]
[EventType "swiss"]
[EventRounds "11"]
[EventCountry "AUS"]
[Source "lmi"]
[SourceDate "2008.01.02"]

1. d4 Nf6 2. c4 e6 3. Nf3 c5 4. d5 exd5 5. cxd5 d6 6. Nc3 g6 7. e4 a6 8. Qe2
Nbd7 9. e5 dxe5 10. Nxe5 Nxe5 11. Qxe5+ Qe7 12. Bf4 Nd7 13. Qxe7+ Bxe7 14.
O-O-O h5 15. Be2 Kf8 16. Rhe1 Bd8 17. Bf3 b5 18. Ne4 c4 19. Nd6 Kg7 20. Be3 Bb6
21. Bxb6 Nxb6 22. Re7 Rf8 23. Rc7 Bg4 24. Bxg4 hxg4 25. Nb7 Rfc8 26. Re7 Re8
27. Rc7 Re2 28. d6 Rxf2 29. d7 Nxd7 30. Rcxd7 Rxg2 31. Nd8 Rf2 32. R1d2 Rf1+
33. Kc2 Kf8 34. Kc3 a5 35. Kd4 Rc8 36. a3 Ke8 37. Ke4 b4 38. axb4 axb4 39. Nb7
c3 40. bxc3 bxc3 41. Rd8+ Rxd8 42. Rxd8+ Ke7 43. Rc8 f5+ 44. Ke5 Re1+ 45. Kf4
Rc1 46. Kg3 c2 47. Kh4 g3 48. hxg3 Rh1+ 49. Kg5 c1=Q+ 50. Rxc1 Rxc1 51. Kxg6
Rc7 52. Na5 Ke6 53. Nb3 Ke5 0-1

[Event "Campeonato de Australia 2007-2008"]
[Site "Parramatta AUS"]
[Date "2008.01.07"]
[Round "7.16"]
[White "Wei, Michael"]
[Black "Charles, Gareth"]
[Result "0-1"]
[WhiteElo "2139"]
[BlackElo "2180"]
[PlyCount "52"]
[EventDate "2008.01.02"]
[EventType "swiss"]
[EventRounds "11"]
[EventCountry "AUS"]
[Source "lmi"]
[SourceDate "2008.01.02"]

1. d4 d5 2. Nf3 Nf6 3. c4 dxc4 4. e3 e6 5. Bxc4 c5 6. O-O a6 7. Qe2 b5 8. Bb3
Bb7 9. Rd1 Nbd7 10. a4 b4 11. Nbd2 Be7 12. e4 cxd4 13. e5 Nd5 14. Ne4 Qb8 15.
Bxd5 Bxd5 16. Bf4 Bxe4 17. Qxe4 O-O 18. Bg5 Nc5 19. Qxd4 Rd8 20. Qh4 Bxg5 21.
Qxg5 Nxa4 22. h4 Nxb2 23. Re1 Qb7 24. Nh2 h6 25. Qh5 Nd3 26. Re3 Qxg2+ 0-1

[Event "Campeonato de Australia 2007-2008"]
[Site "Parramatta AUS"]
[Date "2008.01.07"]
[Round "7.17"]
[White "Capilitan, Romeo"]
[Black "Hacche, David"]
[Result "0-1"]
[WhiteElo "2134"]
[BlackElo "2182"]
[PlyCount "40"]
[EventDate "2008.01.02"]
[EventType "swiss"]
[EventRounds "11"]
[EventCountry "AUS"]
[Source "lmi"]
[SourceDate "2008.01.02"]

1. e4 Nc6 2. d4 d5 3. c4 dxe4 4. d5 Ne5 5. Nc3 Nf6 6. Bg5 Bf5 7. Qd4 Ng6 8.
Bxf6 gxf6 9. Nxe4 e5 10. Qe3 Bxe4 11. Qxe4 Bb4+ 12. Kd1 Qd7 13. g3 f5 14. Qc2
c6 15. Bh3 cxd5 16. Bxf5 Qc6 17. Nf3 O-O 18. cxd5 Qxd5+ 19. Ke2 e4 20. Rhd1
exf3+ 0-1

[Event "Campeonato de Australia 2007-2008"]
[Site "Parramatta AUS"]
[Date "2008.01.07"]
[Round "7.18"]
[White "Morris, James"]
[Black "Atzmon-Simon, Barak"]
[Result "0-1"]
[WhiteElo "2096"]
[BlackElo "2142"]
[PlyCount "90"]
[EventDate "2008.01.02"]
[EventType "swiss"]
[EventRounds "11"]
[EventCountry "AUS"]
[Source "lmi"]
[SourceDate "2008.01.02"]

1. d4 d5 2. c4 dxc4 3. Nc3 a6 4. g3 Nf6 5. Nf3 b5 6. Bg2 Bb7 7. O-O e6 8. a4 b4
9. Nb1 c5 10. Nbd2 c3 11. bxc3 bxc3 12. Nc4 cxd4 13. Qxd4 Qxd4 14. Nxd4 Bxg2
15. Kxg2 Nbd7 16. a5 Bc5 17. Nb3 Be7 18. Ba3 Bxa3 19. Rxa3 O-O 20. Nd4 Rfc8 21.
Rxc3 Nd5 22. Rcc1 Rc5 23. e4 Rac8 24. exd5 exd5 25. Nb6 Rxc1 26. Nxd7 Rxf1 27.
Kxf1 Rc4 28. Nb3 Rc3 29. Ndc5 Kf8 30. Ke2 Ke7 31. Kd2 d4 32. f4 f5 33. Kd1 Kd6
34. Nb7+ Kd5 35. Nd2 Rc7 36. Nd8 Ra7 37. Nc6 Kxc6 38. Nc4 Kc5 39. Ne5 Re7 40.
Nd3+ Kc4 41. Kd2 Re3 42. Nb2+ Kb5 43. Nd1 Ra3 44. Kc2 Ra1 45. Nb2 Ra2 0-1

[Event "Campeonato de Australia 2007-2008"]
[Site "Parramatta AUS"]
[Date "2008.01.07"]
[Round "7.19"]
[White "Malik, Hani"]
[Black "Bird, Andrew"]
[Result "1-0"]
[WhiteElo "2009"]
[BlackElo "2148"]
[PlyCount "69"]
[EventDate "2008.01.02"]
[EventType "swiss"]
[EventRounds "11"]
[EventCountry "AUS"]
[Source "lmi"]
[SourceDate "2008.01.02"]

1. e4 c5 2. Nf3 d6 3. d4 cxd4 4. Nxd4 Nf6 5. Nc3 Nc6 6. Bg5 e6 7. Qd2 a6 8. Be2
h6 9. Be3 Be7 10. O-O-O Bd7 11. f3 b5 12. Bd3 Ne5 13. g4 b4 14. Nce2 d5 15. Ng3
Nc4 16. Bxc4 dxc4 17. Qe2 Qa5 18. Kb1 Bb5 19. Qg2 Nd7 20. f4 Nc5 21. e5 O-O 22.
Ndf5 Qc7 23. Nxe7+ Qxe7 24. Rd6 Nb7 25. Rb6 Rab8 26. Rd1 Qc7 27. g5 hxg5 28.
Ne4 Rfd8 29. Rg1 f5 30. Nxg5 Nc5 31. Rxb8 Rxb8 32. Bxc5 Qxc5 33. Nxe6 Qe7 34.
Nxg7 Qb7 35. Qg5 1-0

[Event "Campeonato de Australia 2007-2008"]
[Site "Parramatta AUS"]
[Date "2008.01.08"]
[Round "8.1"]
[White "Ly, Moulthun"]
[Black "Solomon, Stephen J"]
[Result "1/2-1/2"]
[WhiteElo "2319"]
[BlackElo "2468"]
[PlyCount "130"]
[EventDate "2008.01.02"]
[EventType "swiss"]
[EventRounds "11"]
[EventCountry "AUS"]
[Source "lmi"]
[SourceDate "2008.01.02"]

1. e4 e5 2. Nf3 Nc6 3. Bb5 a6 4. Ba4 Nf6 5. O-O Nxe4 6. d4 exd4 7. Re1 d5 8.
Nxd4 Bd6 9. Nxc6 Bxh2+ 10. Kh1 Qh4 11. Rxe4+ dxe4 12. Qd8+ Qxd8 13. Nxd8+ Kxd8
14. Kxh2 Be6 15. Be3 f5 16. Bb3 Ke7 17. Nc3 Bxb3 18. axb3 Ke6 19. Bf4 Rhd8 20.
Re1 h6 21. g4 g5 22. gxf5+ Kxf5 23. Bxc7 Rd2 24. Nxe4 Rxc2 25. Bb6 Kg6 26. Rd1
Re8 27. Rd6+ Kf5 28. Ng3+ Ke5 29. Rd3 Re6 30. Bd4+ Kd5 31. Kg2 b5 32. Ba7+ Kc6
33. Nf5 Kb7 34. Bd4 h5 35. Bc3 Ree2 36. Rf3 b4 37. Bxb4 h4 38. Nd4 h3+ 39. Kxh3
g4+ 40. Kxg4 Re4+ 41. Rf4 Rxf4+ 42. Kxf4 Rxf2+ 43. Ke3 Rxb2 44. Kd3 Kb6 45. Bc3
Rh2 46. Kc4 Rh4 47. Bb4 a5 48. Be7 Rg4 49. Kc3 Rg3+ 50. Kb2 Rd3 51. Nc2 Rd7 52.
Bh4 Rh7 53. Bd8+ Ka6 54. Ka3 Rd7 55. Bf6 Rf7 56. Bb2 Rf2 57. Nd4 Rf4 58. Bc3
Kb6 59. Nc2 Re4 60. Bd4+ Kb5 61. Bf6 Rf4 62. Bg5 Rg4 63. Be3 a4 64. Nd4+ Rxd4
65. Bxd4 axb3 1/2-1/2

[Event "Campeonato de Australia 2007-2008"]
[Site "Parramatta AUS"]
[Date "2008.01.08"]
[Round "8.2"]
[White "Antic, Dejan"]
[Black "Xie, George"]
[Result "1-0"]
[WhiteElo "2480"]
[BlackElo "2413"]
[PlyCount "109"]
[EventDate "2008.01.02"]
[EventType "swiss"]
[EventRounds "11"]
[EventCountry "AUS"]
[Source "lmi"]
[SourceDate "2008.01.02"]

1. d4 Nf6 2. c4 e6 3. Nf3 c5 4. d5 b5 5. Bg5 Qa5+ 6. Qd2 Qxd2+ 7. Nbxd2 bxc4 8.
Bxf6 gxf6 9. e4 Rg8 10. Nxc4 Na6 11. O-O-O Rg4 12. Re1 d6 13. g3 Nc7 14. Bh3
Rg7 15. Nh4 Ba6 16. b3 O-O-O 17. Ng2 Kb8 18. Nge3 Bb7 19. Na5 Ba8 20. Rd1 Nb5
21. dxe6 fxe6 22. Bxe6 Nc3 23. Bd5 Nxe4 24. Rhf1 Nc3 25. Rd2 f5 26. Bxa8 Kxa8
27. Nd5 Nxd5 28. Rxd5 f4 29. Rf5 Rg6 30. Re1 Rc8 31. a4 Bh6 32. Kc2 fxg3 33.
hxg3 Bg5 34. Rf7 Rf6 35. Rxf6 Bxf6 36. Re6 Bd4 37. f4 d5 38. f5 Rf8 39. g4 Bf6
40. Rd6 h5 41. gxh5 Be5 42. Rxd5 Rxf5 43. Rd8+ Bb8 44. Rh8 Rf6 45. h6 a6 46. h7
Rh6 47. Nc6 Rxc6 48. Rxb8+ Kxb8 49. h8=Q+ Kb7 50. Kc3 Rd6 51. Kc4 Rc6 52. Qd8
Rc7 53. a5 Rc6 54. Kd5 Rc7 55. Qd6 1-0

[Event "Campeonato de Australia 2007-2008"]
[Site "Parramatta AUS"]
[Date "2008.01.08"]
[Round "8.3"]
[White "Van Riemsdijk, Herman Claudius"]
[Black "Goldenberg, Igor"]
[Result "1-0"]
[WhiteElo "2391"]
[BlackElo "2395"]
[PlyCount "77"]
[EventDate "2008.01.02"]
[EventType "swiss"]
[EventRounds "11"]
[EventCountry "AUS"]
[Source "lmi"]
[SourceDate "2008.01.02"]

1. e4 c5 2. Nf3 Nc6 3. d4 cxd4 4. Nxd4 Nf6 5. Nc3 d6 6. Bc4 e6 7. Bb3 Be7 8.
Be3 O-O 9. f4 Nxd4 10. Bxd4 b5 11. a3 Bb7 12. Qe2 a5 13. Qxb5 Ba6 14. Qa4 e5
15. Bg1 exf4 16. O-O-O Bb7 17. e5 Ng4 18. Bd5 Bxd5 19. Nxd5 Bg5 20. Bb6 Qb8 21.
h4 Bh6 22. exd6 Qxd6 23. Rhe1 f3+ 24. Kb1 Qg3 25. Ne7+ Kh8 26. Nf5 Qb8 27. gxf3
Nh2 28. Bd4 Nxf3 29. Nxh6 Nxe1 30. Nf5 f6 31. Qd7 Rg8 32. Nd6 h6 33. Rxe1 Ra6
34. Re6 Qa8 35. Rxf6 Qh1+ 36. Ka2 Qd5+ 37. c4 Qxd4 38. Nf7+ Kh7 39. Rxh6+ 1-0

[Event "Campeonato de Australia 2007-2008"]
[Site "Parramatta AUS"]
[Date "2008.01.08"]
[Round "8.4"]
[White "Johansen, Darryl Keith"]
[Black "Chow, Samuel"]
[Result "1/2-1/2"]
[WhiteElo "2475"]
[BlackElo "2240"]
[PlyCount "86"]
[EventDate "2008.01.02"]
[EventType "swiss"]
[EventRounds "11"]
[EventCountry "AUS"]
[Source "lmi"]
[SourceDate "2008.01.02"]

1. c4 Nf6 2. Nf3 g6 3. Nc3 d5 4. cxd5 Nxd5 5. Qa4+ Bd7 6. Qh4 Nxc3 7. Qd4 f6 8.
Qxc3 Bg7 9. e3 e5 10. b4 O-O 11. Bb2 a6 12. Bc4+ Kh8 13. O-O Nc6 14. d3 Ne7 15.
Nd2 Bc6 16. a3 Nd5 17. Qc2 Nb6 18. Bb3 Bb5 19. Nc4 Nxc4 20. dxc4 Bd7 21. a4 c6
22. Rfd1 Qc7 23. c5 Rae8 24. Rd6 Bc8 25. Rad1 Qe7 26. b5 axb5 27. axb5 cxb5 28.
Qe2 f5 29. Qxb5 f4 30. exf4 exf4 31. Bxg7+ Qxg7 32. Bd5 Qc3 33. h3 Re5 34. Qb6
Re1+ 35. Rxe1 Qxe1+ 36. Kh2 Qxf2 37. Qb4 Kg7 38. Bxb7 Qg3+ 39. Kh1 Re8 40. Rd1
Bxh3 41. Qb2+ Kh6 42. gxh3 Rb8 43. Rd7 Qe1+ 1/2-1/2